| 000 | 00496cam a22001814a 4500 | ||
|---|---|---|---|
| 020 | _a155963880X | ||
| 020 | _a1559638818 | ||
| 040 | _cDLC | ||
| 082 | 0 | 0 | _a363 ISL 2002 C158 Or. |
| 245 | 0 | 0 |
_aClimate change policy : _ba survey / |
| 260 |
_aWashington [D.C.] : _bIsland Press, _cc2002. |
||
| 300 |
_axvii, 563 p. : _bill., maps ; _c24 cm. |
||
| 650 | 0 | _aClimatic changes | |
| 700 | 1 | _aSchneider, Stephen Henry. | |
| 700 | 1 | _aRosencranz, Armin. | |
| 700 | 1 | _aNiles, John O. | |
| 942 | _cAEDBB | ||
| 999 |
_c19019 _d19019 |
||